Multimediálne prezentácie na skvalitnenie vzdelávacieho procesu

Delenie nosičov multimediálnej informácie. Definícia multimédií. Multimediálna prezentácia vo vzdelávacom procese. Požiadavka počítačovej gramotnosti učiteľa. Využitie vlastných multimediálnych prezentácií na Fakulte hospodárskej informatiky Ekonomickej univerzity v Bratislave.

Na minha lista:
Detalhes bibliográficos
Autor principal: Ondrejková, Anna
Formato: Capítulo de Livro
Idioma:eslovaco
Assuntos:
Tags: Adicionar Tag
Sem tags, seja o primeiro a adicionar uma tag!

MARC

LEADER 00000nla$a2200000$$$4500
001 0094990
005 20240502072046.5
041 0 |a slo 
044 |a SK 
245 1 0 |a Multimediálne prezentácie na skvalitnenie vzdelávacieho procesu  |c Anna Ondrejková 
520 |a Delenie nosičov multimediálnej informácie. Definícia multimédií. Multimediálna prezentácia vo vzdelávacom procese. Požiadavka počítačovej gramotnosti učiteľa. Využitie vlastných multimediálnych prezentácií na Fakulte hospodárskej informatiky Ekonomickej univerzity v Bratislave. 
610 2 0 |a multimédiá 
610 2 0 |a vzdelávanie elektronické 
610 2 0 |a vzdelávanie vysokoškolské 
610 2 0 |a gramotnosť informačná 
100 1 |a Ondrejková, Anna